| 000 -LEADER |
| fixed length control field |
00700nam a22001217a 4500 |
| 040 ## - CATALOGING SOURCE |
| Transcribing agency |
RUA |
| 082 ## - DEWEY DECIMAL CLASSIFICATION NUMBER |
| Classification number |
LMA NOU 2015 B495 Or.1 |
| 100 ## - MAIN ENTRY--AUTHOR NAME |
| Personal name |
NOURN CHORVORN; នួន ឆវ័ន |
| 245 ## - TITLE STATEMENT |
| Title |
Study forest cover exchange in chhlong district, kratie province from 2004-2014 by using arcgis and remote sensing, ការសិក្សាពីប្រែប្រួលគម្របព្រៃឈើក្នុងស្រុកឆ្លូងខេត្តក្រចេះពីឆ្នាំ២០០៤-២០១៤ដោយប្រើប្រាស់កម្មវិធី ArcGIS និង REMOTE SENSING |
| 260 ## - PUBLICATION, DISTRIBUTION, ETC. (IMPRINT) |
| Place of publication |
RUA |
| Name of publisher |
NOU |
| Year of publication |
2015 |
| 856 ## - ELECTRONIC LOCATION AND ACCESS |
| Uniform Resource Identifier |
NOURN CHORVORN |
| 942 ## - ADDED ENTRY ELEMENTS (KOHA) |
| Koha item type |
LMA |
| 952 ## - LOCATION AND ITEM INFORMATION (KOHA) |
| Withdrawn status [LOCAL, KOHA] |
0 |
| 952 ## - LOCATION AND ITEM INFORMATION (KOHA) |
| Withdrawn status [LOCAL, KOHA] |
0 |
| 952 ## - LOCATION AND ITEM INFORMATION (KOHA) |
| Withdrawn status [LOCAL, KOHA] |
0 |
| 952 ## - LOCATION AND ITEM INFORMATION (KOHA) |
| Withdrawn status [LOCAL, KOHA] |
0 |
| 952 ## - LOCATION AND ITEM INFORMATION (KOHA) |
| Withdrawn status [LOCAL, KOHA] |
0 |
| 952 ## - LOCATION AND ITEM INFORMATION (KOHA) |
| Withdrawn status [LOCAL, KOHA] |
0 |
| 952 ## - LOCATION AND ITEM INFORMATION (KOHA) |
| Withdrawn status [LOCAL, KOHA] |
0 |
| 952 ## - LOCATION AND ITEM INFORMATION (KOHA) |
| Withdrawn status [LOCAL, KOHA] |
0 |